01208nab a2200337 a 450000100060000000300080000600500170001400600190003100700150005000800410006502200140010603500210012004000260014105000220016708000150018908200160020424501280022026000580034830000160040631000150042236200200043753301640045765000240062165000280064565500320067370000280070571000190073383000390075285600620079199900170085396334FlNmELB20241217172554.0m o d | cr cn|||||||||130205r2009 ve |||||s|||||||||||spa d a0798-0582 a(OCoLC)955467862 aFlNmELBbspacFlNmELB 4aRC254bP9441 2009 a616-006.0404a616.99222200aPrevalencia de trastornos mentales en adolescentes con cáncerh[recurso electronico]cValentina Rodríguez ... [et al.]. aCaracas :bSociedad Venezolana de Oncología,c2009. a212-220 pp. aTrimestral0 aVol. 21, No. 4- aRecurso electrónico. Santa Fe, Arg.: e-libro, 2015. Disponible vía World Wide Web. El acceso puede estar limitado para las bibliotecas afiliadas a e-libro. 4aMedical.xOncology. 4aMedicina.xOncología. 4aArtículos electrónicos.1 aRodríguez, Valentina.2 ae-libro, Corp. 0aRevista Venezolana de Oncología.40uhttps://elibro.net/ereader/politecnicointernacional/12557 c96334d96334